000 00403nam a2200157Ia 4500
008 100122s9999 xx 000 0 und d
082 _b74408
_a823
100 _aनायक श्रीकांत
245 _aचक्रव्यूह
250 _a1
260 _c2008
300 _a296
630 _aचक्रव्यूह
730 _aचक्रव्यूह
942 _cBOOK
999 _c390595
_d390592